000 00651nam a2200241Ia 4500
003 OSt
005 20221007094757.0
006 a|||||r|||| 00| 0
007 ta
008 221006b |||||||| |||| 00| 0 eng d
024 _a20
037 _cTextual
040 _aLCO
_cLCO
_beng
041 _2eng
_aeng
082 _aV44,1:2, M5
100 _aVARDACHARI V.K
_9700572
245 0 _aPresident in the Indian constitution
260 _aNew
_bDelhi Deep & Deep Publications
_c1985
300 _a188
650 _aPRESIDENT IN INDIAN CONST.
_9700573
942 _hV44,1:2, M5
_cTEXL
999 _c1169583
_d1169583